| 000 | 00487cam a2200157 a 4500 | ||
|---|---|---|---|
| 082 | 0 | 0 |
_a570.015195 _bZAR _cN-01, P-45 |
| 100 | 1 |
_aZar, Jerrold H., _940275 |
|
| 245 | 1 | 0 |
_aBiostatistical analysis / _cJerrold H. Zar. |
| 250 | _a4th ed. | ||
| 260 |
_aPakistan : _bNational Book Foundation, _c. |
||
| 300 |
_a1 v. (various pagings) : _bill. ; _c25 cm. |
||
| 526 |
_a0 _b0 _c0 _d570_015195000000000_ZAR |
||
| 526 |
_a0 _b0 _c0 _d570_015195000000000_ZAR |
||
| 650 | 0 |
_aNUST _96342 |
|
| 942 |
_2ddc _cBK |
||
| 999 |
_c544603 _d544603 |
||